Statistiques concernant Les films avec Joaquin Phoenix

Cliquez ici pour prendre le quiz!

Statistiques générales

  • Ce quiz a été pris 44 fois
  • Le résultat moyen est 6 sur 26

Statistiques - réponses

RôlesFilms% Correct
Un empereur romain pas très " commode "Gladiator
97%
L'ennemi numéro 1 de BatmanJoker
95%
Un homme introverti et solitaire qui tombe amoureux d'une voixHer
71%
Johnny CashWalk The Line
34%
Un patron de boîte de nuit sous l'influence de la Mafia Russie qui tente de cacher ses activités à sa famille composée essentiellement de policiersLa nuit nous appartient
32%
Un vétéran alcoolique revenu aux Etats-Unis et qui tombe sous la coupe d'un gourouThe Master
32%
Un jeune homme introverti qui tombe amoureux d'une aveugle dans un village qui vit en autarcieLe village
29%
Le frère d'un pasteur qui doit faire face à une invasion extraterrestreSignes
26%
Un jeune homme qui doit choisir entre la femme que ses parents lui ont choisi et sa voisine pour qui il commence à développer des sentimentsTwo Lovers
21%
Un ancien marine devenu tueur à gage se lance à la recherche de la fille disparue d'un sénateurA Beautiful Day
18%
Dans les années 70, un détective qui enquête sur la disparition d'un milliardaireInherent Vice
18%
Un brillant et séduisant délinquant qui est embauché pour intimider des entreprises et qui finit par poignarder quelqu'un à mortThe Yards
18%
Un tueur à gage qui sillonne la route avec son frère pour tuer un hommeLes Frères Sisters
16%
Un proxénète qui propose du travail à une immigrée polonaise en échange de la libération de sa soeurThe Immigrant
16%
Un vendeur dans un sex-shop qui aide un détective privé qui tente de résoudre une histoire de snuff movie8 Millimètres
13%
Un professeur de philo dévasté affectivement et qui entame une liaison avec une de ses étudiantesL'Homme irrationnel
8%
Un jeune garçon dérangé, amoureux d'une femme plus âgée, qui lui a demandé de tuer son mariPrête à tout
8%
Un père qui a perdu son fils à cause d'un chauffard, décide de retrouver ce dernierReservation Road
5%
Chef d'un groupe de soldats américain juste avant la tombée du mur à Berlin, qui fait du trafic de morphine et d'armesBuffalo Soldiers
3%
Un brave type qui voit son meilleur ami se suicider sous ses yeux et qui se lie d'amitié avec un serial killerClay Pigeons
3%
Un alcoolique qui découvre en cure qu'il a un réel don pour le dessinDon't Worry, He Won't Get Far on Foot
3%
Un Polonais qui tente de sauver sa femme patineuse artistique professionnelleIt's All About Love
3%
Un ado de 15 ans qui vit avec sa mère et qui découvre les premiers émois amoureux dans l'Amérique puritaine des années 50Les Années rebelles
3%
Un étudiant condamné à mort après un séjour en Malaisie car il a été trouvé du cannabis sur luiLoin du paradis
3%
JésusMarie-Madeleine
3%
Un pompier pro piégé par les flammes au dixième étage d'un entrepôt vétustePiège de feu
3%

Distribution des résultats

Percentile par nombre de réponses

% des personnes avec chaque résultat

Votre développement - résultats

Vous n’avez pas pris ce quiz